ARRUPE JESUIT UNIVERSITY

CORONAVIRUS -STOP THE SPREAD - CLEAN,DISINFECT,COVER

Naissance de l'Eglise, (Record no. 127709)

MARC details
000 -LEADER
fixed length control field 00818cam a22002771 4500
001 - CONTROL NUMBER
control field 9483531
003 - CONTROL NUMBER IDENTIFIER
control field ARRUPE
005 - DATE AND TIME OF LATEST TRANSACTION
control field 20180320111314.0
008 - FIXED-LENGTH DATA ELEMENTS--GENERAL INFORMATION
fixed length control field 740222s1968 fr b b 000 0 fre
010 ## - LIBRARY OF CONGRESS CONTROL NUMBER
LC control number 74352220
015 ## - NATIONAL BIBLIOGRAPHY NUMBER
National bibliography number F68-9431
035 ## - SYSTEM CONTROL NUMBER
System control number (OCoLC)812530
040 ## - CATALOGING SOURCE
Original cataloging agency DLC
Transcribing agency MBtS
Modifying agency OCoLC
-- DLC
042 ## - AUTHENTICATION CODE
Authentication code premarc
050 00 - LIBRARY OF CONGRESS CALL NUMBER
Classification number BR129
Item number .C36
300 ## - PHYSICAL DESCRIPTION
Dimensions 19 cm.
100 1# - MAIN ENTRY--PERSONAL NAME
Personal name Cazelles, Henri.
9 (RLIN) 40773
245 10 - TITLE STATEMENT
Title Naissance de l'Eglise,
Remainder of title secte juive rejetée.
Statement of responsibility, etc Henri Cazelles
260 ## - PUBLICATION, DISTRIBUTION, ETC. (IMPRINT)
Place of publication, distribution, etc Paris,
Name of publisher, distributor, etc Éditions du Cerf,
Date of publication, distribution, etc 1968.
300 ## - PHYSICAL DESCRIPTION
Extent 131 p.
440 #0 - SERIES STATEMENT/ADDED ENTRY--TITLE
Title Lire la Bible,
Volume number/sequential designation 16
9 (RLIN) 40774
504 ## - BIBLIOGRAPHY, ETC. NOTE
Bibliography, etc Bibliographical footnotes.
650 #0 - SUBJECT ADDED ENTRY--TOPICAL TERM
Topical term or geographic name as entry element Christianity
General subdivision Origin.
9 (RLIN) 11959
650 #0 - SUBJECT ADDED ENTRY--TOPICAL TERM
Topical term or geographic name as entry element Jewish sects.
9 (RLIN) 40775
906 ## - LOCAL DATA ELEMENT F, LDF (RLIN)
a 7
b cbc
c oclcrpl
d u
e ncip
f 19
g y-gencatlg
942 ## - ADDED ENTRY ELEMENTS (KOHA)
Source of classification or shelving scheme Library of Congress Classification
Koha item type Monograph ( Printed materials)
Holdings
Withdrawn status Lost status Source of classification or shelving scheme Damaged status Not for loan Collection code Home library Current library Shelving location Date acquired Total Checkouts Full call number Barcode Date last seen Price effective from Koha item type
    Library of Congress Classification     Main Collection ARRUPE LIBRARY ARRUPE LIBRARY Main Collection 20/03/2018   BR129 .C36 46600001445 20/03/2018 20/03/2018 Monograph ( Printed materials)

 

Arrupe Library. PO Box MP320 Mt Pleasant, Harare, Zimbabwe
263 242 745411|librarian@aju.ac.zw